000 00450nam a2200169Ia 4500
008 230711s9999||||xx |||||||||||||| ||und||
020 _a978-0-07-067881-1
041 _aENG
082 _a515.35
_bBR-D
100 _aBronson,Richard
245 0 _aSchaum's outlines differential equations
250 _a3rd Ed.
260 _c2016
_aNew Delhi
_bMcGraw Hill Education(India) Private Limited
300 _a35.6p.
650 _aMathematics
942 _cBK
999 _c6208
_d6208